66 Largest Islands of the United States on a Map - Statistics

General Stats
  • This quiz has been taken 906 times
  • The average score is 12 of 66
Answers on the Map
Answers color-coded by a green-red scale on the quiz's map according to % correct below.
 
Answer Stats
# Area Island State % Correct
1 10,433 Hawaiʻi Hawaii
90%
11 3,629 Long New York
88%
19 1,545 Oʻahu Hawaii
82%
3 8,710 Puerto Rico territory
79%
16 1,883 Maui Hawaii
68%
31 541 Guam territory
64%
2 9,293 Kodiak Alaska
62%
20 1,430 Kauaʻi Hawaii
56%
26 673 Molokaʻi Hawaii
38%
14 2,722 Unalaska Alaska
35%
41 364 Lānaʻi Hawaii
33%
55 236 Martha's Vineyard Massachusetts
32%
66 194 Santa Catalina California
30%
60 212 Saint Croix U.S. Virgin Islands
24%
22 896 Attu Alaska
21%
4 6,675 Prince of Wales Alaska
21%
6 5,135 Saint Lawrence Alaska
21%
30 542 Padre Texas
15%
10 4,065 Baranof Alaska
14%
9 4,119 Unimak Alaska
14%
7 4,362 Admiralty Alaska
13%
5 5,388 Chichagof Alaska
13%
25 725 Adak Alaska
12%
53 254 Santa Cruz California
12%
8 4,209 Nunivak Alaska
11%
13 2,813 Kupreanof Alaska
10%
12 2,965 Revillagigedo Alaska
10%
18 1,793 Umnak Alaska
10%
28 560 Wrangell Alaska
10%
17 1,809 Afognak Alaska
9%
21 1,061 Atka Alaska
9%
15 1,962 Kuiu Alaska
9%
62 209 Santa Rosa California
9%
38 437 Whidbey Washington
9%
49 280 Mount Desert Maine
8%
58 217 Johns South Carolina
7%
24 790 Montague Alaska
6%
42 354 St. Matthew Alaska
6%
27 655 Dall Alaska
5%
65 194 Dauphin Alabama
5%
23 870 Etolin Alaska
5%
36 445 Hinchinbrook Alaska
5%
52 259 Marsh Louisiana
5%
33 478 Zarembo Alaska
5%
56 234 Agattu Alaska
4%
44 334 Akutan Alaska
4%
47 309 Amchitka Alaska
4%
35 459 Amlia Alaska
4%
40 369 Kanaga Alaska
4%
50 278 Kiska Alaska
4%
29 546 Mitkof Alaska
4%
57 224 Semisopochnoi Alaska
4%
32 529 Tanaga Alaska
4%
43 342 Annette Alaska
3%
54 245 Gravina Alaska
3%
51 260 Knight Alaska
3%
37 438 Kosciusko Alaska
3%
39 435 Kruzof Alaska
3%
59 215 Seguam Alaska
3%
48 309 Sitkalidak Alaska
3%
34 461 Unga Alaska
3%
64 199 Douglas Alaska
2%
45 312 Hagemeister Alaska
2%
46 310 Nagai Alaska
2%
61 212 Yakobi Alaska
2%
63 200 Raspberry Alaska
1%
No matching quizzes found
Score Distribution
Percent of People with Each Score
Percentile by Number Answered
Your Score History
You have not taken this quiz